000
00270nam a22001217a 4500
008
181024b xxu||||| |||| 00| 0 eng d
041
_a
eng
080
_a
617
100
_a
8
101
_a
ORT
245
_a
The Care of the Rheumatoid Hand
_c
Flatt,A.E
942
_2
udc
_c
BK
999
_c
50849
_d
50849